| 000 | 02554cam a22003614a 4500 | ||
|---|---|---|---|
| 942 | _cBK | ||
| 999 |
_c246 _d246 |
||
| 001 | 16313875 | ||
| 003 | OSt | ||
| 005 | 20250420134802.0 | ||
| 007 | co |g||||||||| | ||
| 008 | 100702s2011 njua 001 0 eng | ||
| 010 | _a 2010028408 | ||
| 020 | _a9781119101604 (hardback) | ||
| 035 | _a(OCoLC)ocn500823574 | ||
| 040 |
_aDLC _cKCST |
||
| 042 | _apcc | ||
| 050 | 0 | 0 |
_aQA76.9.A25 _bJ325 2011 |
| 082 | 0 | 0 |
_a005.8 _222 |
| 100 | 1 |
_aJacobs, Stuart. _9900 |
|
| 245 | 1 | 0 |
_aEngineering information security : _bthe application of systems engineering concepts to achieve information assurance / _cStuart Jacobs. |
| 260 |
_aHoboken, N.J. : _bWiley : _bIEEE Press, _cc2016. |
||
| 300 |
_axxii, 751 p. : _bill. ; _c24 cm. + |
||
| 490 | 1 | _aIEEE Press series on information & communication networks security | |
| 500 | _aIncludes index. | ||
| 520 | _a"Information security is the act of protecting information from unauthorized access, use, disclosure, disruption, modification, or destruction. This book discusses why information security is needed and how security problems can have widespread impacts. It covers the complete security lifecycle of products and services, starting with requirements and policy development and progressing through development, deployment, and operations, and concluding with decommissioning. Professionals in the sciences, engineering, and communications fields will turn to this resource to understand the many legal, technical, competitive, criminal and consumer forces and influences that are rapidly changing our information dependent society."--Provided by publisher. | ||
| 520 | _a"This book discusses why information security is needed and how security problems can have widespread impacts. It covers the complete security lifecycle of products and services, starting with requirements and policy development and progressing through development, deployment, and operations, and concluding with decommissioning. Professionals in the sciences, engineering, and communications fields will turn to this resource to understand the many legal, technical, competitive, criminal and consumer forces and influences that are rapidly changing our information dependent society"--Provided by publisher. | ||
| 650 | 0 |
_aComputer security. _9892 |
|
| 650 | 0 |
_aComputer networks _xSecurity measures. _9464 |
|
| 650 | 0 |
_aInformation technology _xSecurity measures. _9901 |
|
| 650 | 0 |
_aData protection. _9902 |
|
| 830 | 0 |
_aIEEE Press series on information & communication networks security. _9903 |
|
| 942 | _2ddc | ||